Imuna uvažuje o zavedení nových výrob výrobu krvných derivátov zastavili z dôvodov ukončenia platnosti registračných rozhodnutí

Bibliographic Details
Main Author: Benková, Iveta (Author)
Format: Article
Language:Slovak
Subjects:

MARC

LEADER 00000nab a2200000 a 4500
001 vtls000872655
003 SK-MaSNL
005 20260305041452.0
008 140301c2004 xo 0 slo
015 |a SNBRB2004/05-14852 
035 |a CLN000224207 
040 |a SNKBUCL  |b slo  |c SNKBUCL  |e AACR2 
041 0 |a slo 
044 |a xo  |c SK 
080 |a 615  |2 1997 
080 |a 661.12:061.5(437.6)  |2 1997 
080 |a 658.15:661.12:061.5(437.6)  |2 1997 
100 1 |a Benková, Iveta  |4 aut  |9 838544 
245 1 0 |a Imuna uvažuje o zavedení nových výrob  |b výrobu krvných derivátov zastavili z dôvodov ukončenia platnosti registračných rozhodnutí  |c Iveta Benková 
300 |b Graf 
610 7 |a Imuna Pharm (Šarišské Michaľany, Slovensko)  |2 snkbucl  |9 55305 
651 7 |a Sabinov (Slovensko : okres)  |2 snkbucl  |9 29014 
655 7 |a články z novín a časopisov  |2 snkbucl  |9 267496 
773 0 |t Hospodárske noviny  |g Roč. 12, č. 25 (6.-8.2.2004)  |x 1335-4701 
773 0 |t [Príl.] Podniky a trhy  |g Č. 25 (6.-8.2.2004), s. 10  |x 1335-4701 
850 |a Slovenská národná knižnica v Martine 
852 |a SNK  |b KIS3GCP 
958 |a SK 
992 |a RBX 
999 |c 3343821  |d 3345751